<?xml version="1.0" encoding="UTF-8"?><marc:collection xmlns:marc="http://www.loc.gov/MARC21/slim">
  <marc:record>
    <marc:leader>03361cam a2200481 c 4500</marc:leader>
    <marc:controlfield tag="001">779238877</marc:controlfield>
    <marc:controlfield tag="003">DE-627</marc:controlfield>
    <marc:controlfield tag="005">20251224190624.0</marc:controlfield>
    <marc:controlfield tag="007">cr uuu---uuuuu</marc:controlfield>
    <marc:controlfield tag="008">140224s2013    gw |||||o     00| ||ger c</marc:controlfield>
    <marc:datafield tag="035" ind1=" " ind2=" ">
      <marc:subfield code="a">(DE-627)779238877</marc:subfield>
    </marc:datafield>
    <marc:datafield tag="035" ind1=" " ind2=" ">
      <marc:subfield code="a">(DE-599)HBZHT018169529</marc:subfield>
    </marc:datafield>
    <marc:datafield tag="035" ind1=" " ind2=" ">
      <marc:subfield code="a">(DE-605)HT018169529</marc:subfield>
    </marc:datafield>
    <marc:datafield tag="040" ind1=" " ind2=" ">
      <marc:subfield code="a">DE-627</marc:subfield>
      <marc:subfield code="b">ger</marc:subfield>
      <marc:subfield code="c">DE-627</marc:subfield>
      <marc:subfield code="e">rakwb</marc:subfield>
    </marc:datafield>
    <marc:datafield tag="041" ind1=" " ind2=" ">
      <marc:subfield code="a">ger</marc:subfield>
    </marc:datafield>
    <marc:datafield tag="044" ind1=" " ind2=" ">
      <marc:subfield code="c">XA-DE</marc:subfield>
      <marc:subfield code="c">XA-DE-BE</marc:subfield>
    </marc:datafield>
    <marc:datafield tag="082" ind1="0" ind2=" ">
      <marc:subfield code="a">630</marc:subfield>
      <marc:subfield code="q">HBZ</marc:subfield>
    </marc:datafield>
    <marc:datafield tag="084" ind1=" " ind2=" ">
      <marc:subfield code="a">58.34</marc:subfield>
      <marc:subfield code="2">bkl</marc:subfield>
    </marc:datafield>
    <marc:datafield tag="245" ind1="0" ind2="0">
      <marc:subfield code="a">"Alle(s) Wild?"</marc:subfield>
      <marc:subfield code="b">BfR-Symposium zu Forschungsvorhaben zum Thema Wildbret ; Tagungsband zum Symposium am 18. und 19. März 2013 in Berlin</marc:subfield>
      <marc:subfield code="c">Bundesinstitut für Risikobewertung, BfR</marc:subfield>
    </marc:datafield>
    <marc:datafield tag="264" ind1=" " ind2="1">
      <marc:subfield code="a">Berlin</marc:subfield>
      <marc:subfield code="b">Bundesinstitut für Risikobewertung</marc:subfield>
      <marc:subfield code="c">2013</marc:subfield>
    </marc:datafield>
    <marc:datafield tag="300" ind1=" " ind2=" ">
      <marc:subfield code="a">Online Ressource (117 S. = 3,33 MB)</marc:subfield>
    </marc:datafield>
    <marc:datafield tag="336" ind1=" " ind2=" ">
      <marc:subfield code="a">Text</marc:subfield>
      <marc:subfield code="b">txt</marc:subfield>
      <marc:subfield code="2">rdacontent</marc:subfield>
    </marc:datafield>
    <marc:datafield tag="337" ind1=" " ind2=" ">
      <marc:subfield code="a">Computermedien</marc:subfield>
      <marc:subfield code="b">c</marc:subfield>
      <marc:subfield code="2">rdamedia</marc:subfield>
    </marc:datafield>
    <marc:datafield tag="338" ind1=" " ind2=" ">
      <marc:subfield code="a">Online-Ressource</marc:subfield>
      <marc:subfield code="b">cr</marc:subfield>
      <marc:subfield code="2">rdacarrier</marc:subfield>
    </marc:datafield>
    <marc:datafield tag="500" ind1=" " ind2=" ">
      <marc:subfield code="a">Auch als Printausgabe</marc:subfield>
    </marc:datafield>
    <marc:datafield tag="520" ind1=" " ind2=" ">
      <marc:subfield code="a">Auf dem gemeinsamen Symposium des BMELV und des BfR werden wissenschaftliche Erkenntnisse aus den Forschungsvorhaben „Abprallverhalten von Jagdmunition", „Untersuchungen zur Tötungswirkung bleifreier Geschosse“ sowie die ersten Ergebnisse aus dem laufenden Projekt „Lebensmittelsicherheit von jagdlich gewonnenem Wildbret“ vorgestellt. Ergänzt werden die Darstellungen der Forschungsvorhaben durch Vorträge zum Einfluss alternativer Geschossmaterialien auf die Umwelt und zum spezifischen Äsungsverhalten des Wildes in unterschiedlichen Regionen und deren Einfluss auf die Aufnahme von Schwermetallen. [...] Aspekte des Tierschutzes werden beleuchtet in Bezug auf die Tötungswirkung der unterschiedlichen Jagdmunition und der Einfluss von Hintergrundbelastungen durch Schwermetalle, die über die Äsung vom Wild aufgenommen werden sowie die Verteilung der Stoffe im Wildkörper in Folge des Schusses.(Quelle: BfR)</marc:subfield>
    </marc:datafield>
    <marc:datafield tag="655" ind1=" " ind2="7">
      <marc:subfield code="a">Konferenzschrift</marc:subfield>
      <marc:subfield code="0">(DE-588)1071861417</marc:subfield>
      <marc:subfield code="0">(DE-627)826484824</marc:subfield>
      <marc:subfield code="0">(DE-576)433375485</marc:subfield>
      <marc:subfield code="2">gnd-content</marc:subfield>
    </marc:datafield>
    <marc:datafield tag="689" ind1="0" ind2="0">
      <marc:subfield code="D">s</marc:subfield>
      <marc:subfield code="0">(DE-588)4189884-9</marc:subfield>
      <marc:subfield code="0">(DE-627)105253820</marc:subfield>
      <marc:subfield code="0">(DE-576)210062894</marc:subfield>
      <marc:subfield code="a">Wildbret</marc:subfield>
      <marc:subfield code="2">gnd</marc:subfield>
    </marc:datafield>
    <marc:datafield tag="689" ind1="0" ind2="1">
      <marc:subfield code="D">s</marc:subfield>
      <marc:subfield code="0">(DE-588)4170760-6</marc:subfield>
      <marc:subfield code="0">(DE-627)105399809</marc:subfield>
      <marc:subfield code="0">(DE-576)20993252X</marc:subfield>
      <marc:subfield code="a">Munition</marc:subfield>
      <marc:subfield code="2">gnd</marc:subfield>
    </marc:datafield>
    <marc:datafield tag="689" ind1="0" ind2="2">
      <marc:subfield code="D">s</marc:subfield>
      <marc:subfield code="0">(DE-588)4145879-5</marc:subfield>
      <marc:subfield code="0">(DE-627)105587834</marc:subfield>
      <marc:subfield code="0">(DE-576)209744766</marc:subfield>
      <marc:subfield code="a">Blei</marc:subfield>
      <marc:subfield code="2">gnd</marc:subfield>
    </marc:datafield>
    <marc:datafield tag="689" ind1="0" ind2="3">
      <marc:subfield code="D">s</marc:subfield>
      <marc:subfield code="0">(DE-588)4033734-0</marc:subfield>
      <marc:subfield code="0">(DE-627)106256076</marc:subfield>
      <marc:subfield code="0">(DE-576)209003324</marc:subfield>
      <marc:subfield code="a">Kupfer</marc:subfield>
      <marc:subfield code="2">gnd</marc:subfield>
    </marc:datafield>
    <marc:datafield tag="689" ind1="0" ind2="4">
      <marc:subfield code="D">s</marc:subfield>
      <marc:subfield code="0">(DE-588)4137453-8</marc:subfield>
      <marc:subfield code="0">(DE-627)105649929</marc:subfield>
      <marc:subfield code="0">(DE-576)209677740</marc:subfield>
      <marc:subfield code="a">Zink</marc:subfield>
      <marc:subfield code="2">gnd</marc:subfield>
    </marc:datafield>
    <marc:datafield tag="689" ind1="0" ind2="5">
      <marc:subfield code="D">s</marc:subfield>
      <marc:subfield code="0">(DE-588)4138770-3</marc:subfield>
      <marc:subfield code="0">(DE-627)105640204</marc:subfield>
      <marc:subfield code="0">(DE-576)209688866</marc:subfield>
      <marc:subfield code="a">Fleischhygiene</marc:subfield>
      <marc:subfield code="2">gnd</marc:subfield>
    </marc:datafield>
    <marc:datafield tag="689" ind1="0" ind2=" ">
      <marc:subfield code="5">(DE-627)</marc:subfield>
    </marc:datafield>
    <marc:datafield tag="689" ind1="1" ind2="0">
      <marc:subfield code="D">s</marc:subfield>
      <marc:subfield code="0">(DE-588)4027955-8</marc:subfield>
      <marc:subfield code="0">(DE-627)104791616</marc:subfield>
      <marc:subfield code="0">(DE-576)20897329X</marc:subfield>
      <marc:subfield code="a">Jagd</marc:subfield>
      <marc:subfield code="2">gnd</marc:subfield>
    </marc:datafield>
    <marc:datafield tag="689" ind1="1" ind2="1">
      <marc:subfield code="D">s</marc:subfield>
      <marc:subfield code="0">(DE-588)4060131-6</marc:subfield>
      <marc:subfield code="0">(DE-627)106140884</marc:subfield>
      <marc:subfield code="0">(DE-576)209133775</marc:subfield>
      <marc:subfield code="a">Tierschutz</marc:subfield>
      <marc:subfield code="2">gnd</marc:subfield>
    </marc:datafield>
    <marc:datafield tag="689" ind1="1" ind2=" ">
      <marc:subfield code="5">(DE-627)</marc:subfield>
    </marc:datafield>
    <marc:datafield tag="710" ind1="2" ind2=" ">
      <marc:subfield code="a">Bundesinstitut für Risikobewertung</marc:subfield>
      <marc:subfield code="e">Herausgebendes Organ</marc:subfield>
      <marc:subfield code="0">(DE-588)10047171-7</marc:subfield>
      <marc:subfield code="0">(DE-627)356779483</marc:subfield>
      <marc:subfield code="0">(DE-576)199313954</marc:subfield>
      <marc:subfield code="4">isb</marc:subfield>
    </marc:datafield>
    <marc:datafield tag="856" ind1="4" ind2="0">
      <marc:subfield code="u">http://www.bfr.bund.de/de/start.html</marc:subfield>
      <marc:subfield code="x">Verlag</marc:subfield>
      <marc:subfield code="z">Homepage des Hrsg.</marc:subfield>
      <marc:subfield code="3">Volltext</marc:subfield>
      <marc:subfield code="7">1</marc:subfield>
    </marc:datafield>
    <marc:datafield tag="856" ind1="4" ind2="0">
      <marc:subfield code="u">http://digitool.hbz-nrw.de:1801/webclient/DeliveryManager?pid=5497231&amp;custom_att_2=simple_viewer</marc:subfield>
      <marc:subfield code="x">Archivierte Online-Ressource</marc:subfield>
      <marc:subfield code="y">alles-wild-bfr-symposium-zu-forschungsvorhaben-zum-thema-wildbret-tagungsband.pdf</marc:subfield>
      <marc:subfield code="3">Volltext</marc:subfield>
      <marc:subfield code="7">1</marc:subfield>
    </marc:datafield>
    <marc:datafield tag="924" ind1="1" ind2=" ">
      <marc:subfield code="a">1464257140</marc:subfield>
      <marc:subfield code="b">DE-616</marc:subfield>
      <marc:subfield code="9">616</marc:subfield>
      <marc:subfield code="c">GBV</marc:subfield>
      <marc:subfield code="d">d</marc:subfield>
      <marc:subfield code="g">K 310 (E-Dok) (779238877)</marc:subfield>
      <marc:subfield code="h">ML</marc:subfield>
    </marc:datafield>
    <marc:datafield tag="936" ind1="b" ind2="k">
      <marc:subfield code="a">58.34</marc:subfield>
      <marc:subfield code="j">Lebensmitteltechnologie</marc:subfield>
      <marc:subfield code="0">(DE-627)106420720</marc:subfield>
    </marc:datafield>
    <marc:datafield tag="951" ind1=" " ind2=" ">
      <marc:subfield code="a">BO</marc:subfield>
    </marc:datafield>
  </marc:record>
</marc:collection>
